LEADER 01294nas a2200229 i 4500 001 000000177155 003 CaOOAMICUS 005 20090317000000.0 008 081023b2008 it uu u0 0ita r 013 $a154663 040 $aSeMil$bita 245 10$aArchitetture medievali nei borghi della Muggiasca ; "Una Casa da nobile chiamata il Caliotto" ; Il testamento di Fra Serafino Lampugnani e il convento di S. Maria degli Angeli a Erba ; Le chiese settecentesche a portico nell'area lecchese. 260 $aOggiono (LC) :$bCattaneo,$c2008. 300 $a143 p. :$bill. ;$c24 cm. 500 $aTitoli dalla copertina. 773 0 $tArchivi di Lecco e della Provincia.$dOggiono (LC) : Cattaneo, 2004.$x1824-7059$w()15039 774 0 $t[vedi periodico].$w()270245 850 $aSeMil 852 $aSeMil$W1$xVenegono$y1$m97 2 39$j127969$B127969$CSeMilBibl$Z2$F140277 $85 961 $aAbbonamento: Cattaneo Editore 996 $6245$aArchitetture medievali nei borghi della Muggiasca ; "Una Casa da nobile chiamata il Caliotto" ; Il testamento di Fra Serafino Lampugnani e il convento di S. Maria degli Angeli a Erba ; Le chiese settecentesche a portico nell'area lecchese$9(OLS)http://semarc/title/254399 996 $6260$aOggiono (LC) :$bCattaneo$9(OLS)http://semarc/publisher/33326 LEADER 02014nam a2200337 i 4500 001 000000191136 003 CaOOAMICUS 005 20231128144917.0 008 150811s1741 ne u000 u fre u 026 $a5757 5.1. eade 13qu (3) 1741 (R) 026 $a5757 2.0. 6.g. (3) 1741 (R) 026 $adee- e-u- ledu 2928 (3) 1741 (Q) 040 $aSeMil$bita 100 1 $aLe Cène, Charles,$d<1647-1703>.$0(OLS)http://semarc/name/69848 245 10$aProjet d'une nouvelle version françoise de la Bible par mr. Charles le Cene. 260 $aA Amsterdam :$bChez Michel Charles Le Cene,$c1741. 300 $a5 pt. ([2], 5, [1], 110; [4], 82, [2]; [4], XIV, 698, [2]; [2], 137, [1]; [4], 235, [1]) p. ;$cfol. 500 $aIniz. xilogr. 500 $aTesto su due colonne 500 $aMarca tip. non controllata sui front. 500 $aSegn.: pg2 *-**4 (**4-**4) A-4T4; a-r4s2(-s2); pg2 A-2F4 2G2 500 $aLa pt. 1 contiene il piano dell'opera e un ritratto dell'autore 500 $aLa pt. 2. inizia con occhietto 500 $aLe pt. 3 e 5 iniziano con proprio front. tip. e tit., rispettivamente: La Sainte Bible, contenant les livres de l'Ancien et du Nouveau Testament: nouvelle version françoise. Par Charles le Cene. Tome premier; Le Nouveau Testament... traduit du grec en françois sur les plus anciens manuscrits, par Charles Le Cène; Les livres apocryphes; Le Nouveau Testament, ou l'aliance de Notre Seigneur et sauveur Jesus Christ 650 4$aBibbia - Traduzioni francesi.$0(OLS)http://semarc/subject/334 700 1 $aLe Cène, Michel Charles,$c.$0(OLS)http://semarc/name/69849 850 $aSeMil 852 $aSeMil$W1$xVenegono$y1$m2W VIII 1 FA$j141750$B141750$CSeMilBibl$Z2$F153319 $8I 996 $6245$aProjet d'une nouvelle version françoise de la Bible par mr. Charles le Cene$9(OLS)http://semarc/title/275422 996 $6260$aA Amsterdam :$bChez Michel Charles Le Cene$9(OLS)http://semarc/publisher/50262